Specifying successful standards (Record no. 114721)

MARC details
000 -LEADER
fixed length control field 01698cad a22002295a 4500
001 - CONTROL NUMBER
control field L157326
008 - FIXED-LENGTH DATA ELEMENTS--GENERAL INFORMATION
fixed length control field 121018s2012 xxk f 000 0 eng d
035 ## - SYSTEM CONTROL NUMBER
System control number (Sirsi) u157326
041 0# - LANGUAGE CODE
Language code of text/sound track or separate title eng
110 2# - MAIN ENTRY--CORPORATE NAME
Corporate name or jurisdiction name as entry element Institution of Civil Engineers
9 (RLIN) 1402
245 00 - TITLE STATEMENT
Title Specifying successful standards
Medium [electronic resource]
260 ## - PUBLICATION, DISTRIBUTION, ETC.
Place of publication, distribution, etc. [S.l.]
Name of publisher, distributor, etc. ICE
Date of publication, distribution, etc. 2012
505 2# - FORMATTED CONTENTS NOTE
Formatted contents note Executive summary -- Introduction -- Objectives of standards -- Summary of rail standards -- Summary of highways standards -- Summary of bridges & structures codes -- Performance based specifications -- Levels of prescription within standards and procurement specifications -- Evidence base -- How application of standards influences whole life cost -- Examples of benefits resulting from rationalising standards -- Realising opportunities for cost savings -- Framework for rationalising and harmonising standards -- Standards derogation process -- Incentivisation -- Developing the role of standards in successful project delivery -- Conclusions and recommendations -- Industry Standards Group membership
520 ## - SUMMARY, ETC.
Summary, etc. An industry enquiry into how standards and specifications can enable the UK to innovate, lower costs and improve whole life value of our infrastructure assets; this Industry Standards Group report has been prepared in response to the Infrastructure Cost Review.
590 ## - LOCAL NOTE (RLIN)
Local note KA
651 #4 - SUBJECT ADDED ENTRY--GEOGRAPHIC NAME
Geographic name United Kingdom
690 ## - LOCAL SUBJECT ADDED ENTRY--TOPICAL TERM (OCLC, RLIN)
Topical term or geographic name as entry element Infrastructure
9 (RLIN) 6246
690 ## - LOCAL SUBJECT ADDED ENTRY--TOPICAL TERM (OCLC, RLIN)
Topical term or geographic name as entry element Project management
9 (RLIN) 6261
690 ## - LOCAL SUBJECT ADDED ENTRY--TOPICAL TERM (OCLC, RLIN)
Topical term or geographic name as entry element Procurement
9 (RLIN) 6260
856 40 - ELECTRONIC LOCATION AND ACCESS
Uniform Resource Identifier <a href="https://www.ice.org.uk/getattachment/3b96c4c3-9045-4ba0-9549-1586c90019fb/Specifying-Successful-Standards.aspx">https://www.ice.org.uk/getattachment/3b96c4c3-9045-4ba0-9549-1586c90019fb/Specifying-Successful-Standards.aspx</a>
Public note View the item free of charge at www.ice.org.uk
942 ## - ADDED ENTRY ELEMENTS (KOHA)
Suppress in OPAC 0
Holdings
Withdrawn status Lost status Source of classification or shelving scheme Damaged status Not for loan Home library Current library Shelving location Date acquired Total Checkouts Full call number Barcode Date last seen Copy number Price effective from Koha item type
    Dewey Decimal Classification     Virtual Virtual Online 18/10/2012   ONLINE PUBLICATION 157326-2001 06/08/2019 1 06/08/2019 Book